LA LIBERTAD EN CRISIS/

Guardado en:
Detalles Bibliográficos
Otros autores: Duthoit (autor) (autor)
Formato: Libro
Colección:(Estudios Sociales Jus)
Temas:
Etiquetas: Agrega una etiqueta
Sin etiquetas, Sé el primero en etiquetar este registro!

MARC

LEADER 00000nam^a2200000^a^4500
001 000220255
005 20250521000000.0
009 20260310103841.23
035 |a 019654 
037 |a Acervo Xavier Clavigero 
082 |a 323. 442 LIB 
245 1 3 |a LA LIBERTAD EN CRISIS/  |c DUTHOIT ...[ ET. AL.]; TR. HECTOR GONZALEZ URIBE 
264 |a MEXICO :  |b JUS,  |c 1947 
300 |a 290p. 
336 |a texto  |b txt  |2 rdacontenido 
337 |a sin mediación  |b n  |2 rdamedio 
338 |a volumen  |b nc  |2 rdasoporte 
440 1 |a (Estudios Sociales Jus) 
649 |a XX 
650 |a Libertad Religiosa 
700 |a Duthoit  |e (autor) 
910 |a Fondo General 
920 |a Impresos - Libros 
930 |a Colección General 
905 |a 101 
901 |a 019654  |b IT1  |c ACC  |i 019654  |u 20250521 
902 |a https://opac.biblio.iteso.mx/vufind/Record/000220255